Novela Zákonníka práce
Národná rada SR schválila 20. júna 1996 zákon NR SR, ktorým sa mení a dopĺňa Zákonník práce a menia a dopĺňajú sa zákony v oblasti zamestnanosti. Vysvetlenie predpisov.
Saved in:
| Main Author: | |
|---|---|
| Other Authors: | , |
| Format: | Book Chapter |
| Language: | Slovak |
| Subjects: | |
| Tags: |
No Tags, Be the first to tag this record!
|
MARC
| LEADER | 00000naa a2200000 4500 | ||
|---|---|---|---|
| 001 | r021959 | ||
| 005 | 20230424120359.2 | ||
| 041 | 0 | |a slo | |
| 044 | |a SK | ||
| 245 | 1 | 0 | |a Novela Zákonníka práce |c M. Paľagová, O. Košová, Mária Rybárová |
| 520 | |a Národná rada SR schválila 20. júna 1996 zákon NR SR, ktorým sa mení a dopĺňa Zákonník práce a menia a dopĺňajú sa zákony v oblasti zamestnanosti. Vysvetlenie predpisov. | ||
| 610 | 2 | 0 | |a zákonník práce |
| 610 | 2 | 0 | |a novelizácia |
| 610 | 2 | 0 | |a predpisy právne |
| 100 | 1 | |a Paľagová, M. | |
| 700 | 1 | |a Košová, O. | |
| 700 | 1 | |a Rybárová, Mária | |